2 Corinthians : (Record no. 9669)

MARC details
000 -LEADER
fixed length control field 02938cam a22004454i 4500
001 - CONTROL NUMBER
control field 43657056
003 - CONTROL NUMBER IDENTIFIER
control field OCoLC
005 - DATE AND TIME OF LATEST TRANSACTION
control field 20241126110716.0
008 - FIXED-LENGTH DATA ELEMENTS--GENERAL INFORMATION
fixed length control field 000308s2000 miu b 001 0 eng
010 ## -
-- 00029000
020 ## - INTERNATIONAL STANDARD BOOK NUMBER
International Standard Book Number 0310494206
Qualifying information (alk. paper)
020 ## - INTERNATIONAL STANDARD BOOK NUMBER
International Standard Book Number 9780310494201
Qualifying information (alk. paper)
020 ## - INTERNATIONAL STANDARD BOOK NUMBER
Canceled/invalid ISBN 9780310520702 (eBook)
035 ## - SYSTEM CONTROL NUMBER
System control number tcgc278203
035 ## - SYSTEM CONTROL NUMBER
System control number (OCoLC)43657056
Canceled/invalid control number (OCoLC)46682039
-- (OCoLC)70309555
-- (OCoLC)187488817
-- (OCoLC)456953623
-- (OCoLC)506132146
-- (OCoLC)613816740
-- (OCoLC)645819907
-- (OCoLC)778785789
-- (OCoLC)818849481
040 ## - CATALOGING SOURCE
Original cataloging agency DLC
Language of cataloging eng
Description conventions rda
Transcribing agency DLC
Modifying agency BAKER
-- NLGGC
-- BTCTA
-- YDXCP
-- IG#
-- PAU
-- TAYLR
-- BDX
-- KCK
-- OCLCO
-- AU@
-- CNTCS
-- OCLCA
-- OCLCQ
-- OUP
-- OCLCF
-- OCLCA
-- OCLCQ
-- RCT
-- YUS
042 ## -
-- pcc
050 00 -
-- BS2675.3
-- .H24 2000
082 00 - DEWEY DECIMAL CLASSIFICATION NUMBER
Classification number 220.77
-- 227/.3077
Edition information 21
Item number NIV
100 1# - MAIN ENTRY--PERSONAL NAME
Personal name Hafemann, Scott J.
Authority record control number or standard number https://id.loc.gov/authorities/names/n86093271
9 (RLIN) 2832
245 10 - TITLE STATEMENT
Title 2 Corinthians :
Remainder of title the NIV application commentary from biblical text -- to contemporary life /
Statement of responsibility, etc. Scott J. Hafemann.
246 3# -
-- Second Corinthians
264 #1 - PRODUCTION, PUBLICATION, DISTRIBUTION, MANUFACTURE, AND COPYRIGHT NOTICE
Place of production, publication, distribution, manufacture Grand Rapids, Mich. :
Name of producer, publisher, distributor, manufacturer Zondervan Pub. House,
Date of production, publication, distribution, manufacture, or copyright notice [2000]
264 #4 - PRODUCTION, PUBLICATION, DISTRIBUTION, MANUFACTURE, AND COPYRIGHT NOTICE
Date of production, publication, distribution, manufacture, or copyright notice ℗♭2000.
300 ## - PHYSICAL DESCRIPTION
Extent 536 pages ;
Dimensions 24 cm.
336 ## - CONTENT TYPE
Content type term text
Content type code txt
Source rdacontent
337 ## - MEDIA TYPE
Media type term unmediated
Media type code n
Source rdamedia
338 ## - CARRIER TYPE
Carrier type term volume
Carrier type code nc
Source rdacarrier
490 1# - SERIES STATEMENT
Series statement The NIV application commentary series.
504 ## - BIBLIOGRAPHY, ETC. NOTE
Bibliography, etc. note Includes bibliographical references and indexes.
505 0# - FORMATTED CONTENTS NOTE
Formatted contents note Series Introduction -- General Editor's Preface -- Author's Preface -- Abbreviations -- Introduction -- Outline -- Annotated Bibliography -- Text and Commentary on 2 Corinthians.
520 1# - SUMMARY, ETC.
Summary, etc. "Most Bible commentaries take us on a one-way trip from our world to the world of the Bible. But they leave us there, assuming that we can somehow make the return journey one our own. In other words, they focus on the original meaning of the passage but don't discuss its contemporary applications. The information they offer is valuable -- but the job is only half done! The NIV Application Commentary Series helps us with both halves of the interpretive task. This new and unique series shows readers how to bring an ancient message into modern context. It explains not only what the Bible meant but also how it can speak powerfully today." -- Publisher's description.
630 00 - SUBJECT ADDED ENTRY--UNIFORM TITLE
Uniform title Bible.
Name of part/section of a work Corinthians, 2nd
Authority record control number or standard number https://id.loc.gov/authorities/names/n80008485
Form subdivision Commentaries.
Authority record control number or standard number https://id.loc.gov/authorities/subjects/sh99001404
9 (RLIN) 12478
650 #4 - SUBJECT ADDED ENTRY--TOPICAL TERM
Topical term or geographic name entry element BIBLE (NT)
General subdivision CORINTHIANS II
Form subdivision Commentaries.
9 (RLIN) 16813
655 #7 - INDEX TERM--GENRE/FORM
Genre/form data or focus term Commentaries.
Source of term fast
Authority record control number or standard number https://id.worldcat.org/fast/1423723
9 (RLIN) 875
830 #0 -
-- NIV application commentary.
-- https://id.loc.gov/authorities/names/n94048887
-- 1769
856 41 - ELECTRONIC LOCATION AND ACCESS
Materials specified Table of contents
Uniform Resource Identifier <a href="http://catdir.loc.gov/catdir/enhancements/fy0633/00029000-t.html">http://catdir.loc.gov/catdir/enhancements/fy0633/00029000-t.html</a>
856 42 - ELECTRONIC LOCATION AND ACCESS
Materials specified Publisher description
Uniform Resource Identifier <a href="http://catdir.loc.gov/catdir/enhancements/fy0633/00029000-d.html">http://catdir.loc.gov/catdir/enhancements/fy0633/00029000-d.html</a>
942 ## - ADDED ENTRY ELEMENTS (KOHA)
Source of classification or shelving scheme Dewey Decimal Classification
Koha item type Reference Books
Holdings
Withdrawn status Lost status Source of classification or shelving scheme Damaged status Not for loan Home library Current Library Shelving location Date acquired Total checkouts Full call number Barcode Date last seen Copy number Price effective from Koha item type
    Dewey Decimal Classification     GRACE BIBLE COLLEGE GRACE BIBLE COLLEGE Commentary 2023-04-19   220.77 NIV 016225 2025-05-01 v.31 2023-04-19 Reference Books
© Grace Bible College Library 2025